[Event "NM for klubblag 2019"]
[Site "Scandic Ambassadeur, Drammen"]
[Date "2019.05.30"]
[Round "1"]
[White "Danielsen, Magnus"]
[Black "Grindbakken, Erik"]
[Result "1-0"]
[WhiteElo "2069"]
[BlackElo "1675"]
[PlyCount "103"]
[EventDate "2019.??.??"]

1. e4 e6 2. f4 c5 3. Nf3 Nc6 4. c3 d5 5. e5 Nh6 6. Na3 a6 7. Nc2 b5 8. d4 Be7
9. dxc5 Bxc5 10. Be3 Be7 11. Qd2 Nf5 12. Bf2 Rb8 13. b4 f6 14. Ncd4 Nfxd4 15.
Bxd4 O-O 16. Bd3 Nxd4 17. cxd4 Bd7 18. O-O Rc8 19. Rac1 Qb6 20. a3 Rxc1 21.
Rxc1 Rc8 22. Rxc8+ Bxc8 23. Qc2 Bd7 24. Bxh7+ Kf8 25. exf6 Bxf6 26. Qc3 Ke7 27.
Bb1 Kd8 28. Kf2 Qc7 29. Qxc7+ Kxc7 30. Ke3 a5 31. Ne5 Be7 32. Nd3 axb4 33. axb4
g5 34. g3 Be8 35. Nc5 Kd6 36. Bh7 Bf7 37. Nd3 Kc7 38. h3 Kd8 39. Ne5 Be8 40.
Nd3 Bf7 41. Ne5 Be8 42. fxg5 Bxg5+ 43. Kd3 Be7 44. Kc3 Bf8 45. Bg6 Bd7 46. g4
Bg7 47. g5 Ke7 48. h4 Kd6 49. h5 Bxe5 50. dxe5+ Kxe5 51. h6 d4+ 52. Kd2
1-0

[Event "NM for klubblag 2019"]
[Site "Scandic Ambassadeur, Drammen"]
[Date "2019.05.30"]
[Round "1"]
[White "Marosevic, Tomislav"]
[Black "Bryn, Askild"]
[Result "0-1"]
[WhiteElo "1613"]
[BlackElo "2024"]
[PlyCount "114"]
[EventDate "2019.??.??"]

1. d4 d6 2. Nf3 Nd7 3. e4 g6 4. Bg5 c6 5. Nbd2 Bg7 6. c3 Qc7 7. Bc4 Ngf6 8. O-O
O-O 9. Re1 e5 10. Qc2 h6 11. Bxf6 Nxf6 12. Rad1 b5 13. dxe5 dxe5 14. Bb3 Qe7
15. c4 b4 16. Nf1 Bg4 17. Rd3 Nd7 18. Qd2 a5 19. Ba4 Nc5 20. Bxc6 Nxd3 21. Qxd3
Rac8 22. Bd5 Be6 23. Ne3 Rfd8 24. Rd1 Kh7 25. Qe2 Qf6 26. b3 h5 27. Bxe6 fxe6
28. Ne1 Rxd1 29. Qxd1 Qd8 30. Qc2 Qd4 31. Nf3 Qa1+ 32. Nf1 Bf6 33. Qd2 Rd8 34.
Qe3 Rd1 35. Qe2 Rc1 36. Qd3 Rd1 37. Qe2 Rd7 38. Qc2 g5 39. h3 Qc3 40. Qe2 Qd3
41. Nxg5+ Kg6 42. Qxd3 Rxd3 43. Nxe6 Rd1 44. f4 Ra1 45. f5+ Kf7 46. g4 Rxa2 47.
g5 a4 48. gxf6 Ra1 49. Nd8+ Kxf6 50. Nc6 axb3 51. Nxb4 Rd1 52. Nd5+ Kf7 53. Kf2
b2 54. Nc3 Rc1 55. Nd2 Rxc3 56. Ke1 Rc1+ 57. Ke2 Rc2
0-1

[Event "NM for klubblag 2019"]
[Site "Scandic Ambassadeur, Drammen"]
[Date "2019.05.30"]
[Round "2"]
[White "Gaustad, Erlend"]
[Black "Nordquelle, Daniel"]
[Result "0-1"]
[WhiteElo "1906"]
[BlackElo "2080"]
[PlyCount "206"]
[EventDate "2019.??.??"]

1. Nf3 d5 2. d4 e6 3. c4 c6 4. Qc2 Nd7 5. g3 Bd6 6. Bg2 f5 7. b3 Ngf6 8. Bb2
Qe7 9. e3 O-O 10. O-O b6 11. Nbd2 a5 12. a3 Ba6 13. Rfc1 Rfc8 14. Qd1 Ne4 15.
Bf1 Bb7 16. Rc2 Ndf6 17. a4 Rf8 18. Rac1 Bb4 19. Nxe4 Nxe4 20. Ne5 c5 21. cxd5
exd5 22. Bb5 Qe6 23. Qe2 Rad8 24. Rd1 Rd6 25. Kg2 Qe7 26. f3 Ng5 27. Qf2 Rc8
28. Rdc1 Rdd8 29. h4 Nf7 30. Nd3 Nd6 31. Nxb4 cxb4 32. Bd3 g6 33. Rxc8 Bxc8 34.
Rc2 Bb7 35. Bc1 Rd7 36. Qe2 Kf7 37. Bd2 h6 38. Rc1 Kg7 39. Rc2 g5 40. hxg5 hxg5
41. Bb5 Rd8 42. Rc1 Rc8 43. Bd3 Qe6 44. Rh1 Rh8 45. Rxh8 Kxh8 46. Qd1 Kg7 47.
Qh1 Bc6 48. Qc1 Qe8 49. Qh1 Bd7 50. Qc1 Qd8 51. Qh1 Be8 52. Qc1 Qd7 53. Qc2 Bf7
54. Qc1 g4 55. Qd1 Bh5 56. Be2 Nf7 57. f4 Nd6 58. Qh1 Bf7 59. Qh4 Ne4 60. Be1
Qc7 61. Bd3 Bg6 62. Bxe4 dxe4 63. Qg5 Qc2+ 64. Bf2 Qxb3 65. Qe7+ Qf7 66. Qe5+
Qf6 67. Qc7+ Bf7 68. d5 b3 69. d6 b2 70. d7 b1=Q 71. d8=Q Qxd8 72. Qxd8 Qb4 73.
Qg5+ Bg6 74. Qd8 Qc5 75. Qd7+ Bf7 76. Qd8 Qc6 77. Qg5+ Qg6 78. Qd8 Qf6 79. Qd7
Kg6 80. Qc7 Be8 81. Qc4 Qf7 82. Qd4 Qe6 83. Be1 Qa2+ 84. Bd2 Qe6 85. Bc3 Qf7
86. Qe5 Bxa4 87. Qd6+ Kh7 88. Qxb6 Bd7 89. Qxa5 Qe6 90. Qa8 Kg6 91. Qh8 Kf7 92.
Qg7+ Ke8 93. Qh8+ Ke7 94. Qg7+ Kd6 95. Qd4+ Kc6 96. Qa4+ Kc7 97. Ba5+ Kb7 98.
Qb4+ Ka6 99. Qa3 Qc6 100. Bb4+ Kb7 101. Qa5 Qb6 102. Qe5 Qxb4 103. Qd5+ Bc6
0-1

[Event "NM for klubblag 2019"]
[Site "Scandic Ambassadeur, Drammen"]
[Date "2019.05.30"]
[Round "2"]
[White "Wright, Haakon"]
[Black "Hall, Torstein"]
[Result "0-1"]
[WhiteElo "1982"]
[BlackElo "1638"]
[PlyCount "86"]
[EventDate "2019.??.??"]

1. c4 Nf6 2. g3 g6 3. Bg2 Bg7 4. Nc3 d6 5. Nf3 e5 6. d3 O-O 7. O-O a5 8. Bd2
Nc6 9. Rb1 h6 10. a3 Ne8 11. b4 axb4 12. axb4 f5 13. Qc1 Kh7 14. b5 Ne7 15. h3
g5 16. Nh2 Nf6 17. e4 f4 18. h4 Ng6 19. hxg5 hxg5 20. Nf3 Nh5 21. gxf4 Nhxf4
22. Bxf4 Nxf4 23. Qd2 Rh8 24. Nd5 Kg6 25. Nxf4+ exf4 26. Nh2 Rh4 27. d4 Bh3 28.
Bxh3 Rxh3 29. f3 Qh8 30. d5 Bd4+ 31. Kh1 Qe5 32. Kg2 Rg3+ 33. Kh1 Rh8 34. Rg1
Bxg1 35. Rxg1 Rgh3 36. Rg2 Qa1+ 37. Rg1 Rxh2+ 38. Qxh2 Rxh2+ 39. Kxh2 Qc3 40.
Rf1 g4 41. fxg4 Qg3+ 42. Kh1 f3 43. e5 Qg2# 0-1

[Event "NM for klubblag 2019"]
[Site "Scandic Ambassadeur, Drammen"]
[Date "2019.05.30"]
[Round "2"]
[White "Utseth, Mikhail"]
[Black "Fjellheim, Benjamin"]
[Result "1-0"]
[WhiteElo "1605"]
[BlackElo "1760"]
[PlyCount "61"]
[EventDate "2019.??.??"]

1. d4 d5 2. e3 Nf6 3. Bd3 c5 4. c3 e6 5. Nd2 Nc6 6. f4 Be7 7. Ngf3 O-O 8. Ne5
Nxe5 9. fxe5 Nd7 10. O-O f5 11. Qh5 Qe8 12. Qh3 g5 13. g4 Nb6 14. Nf3 Qg6 15.
Qg2 c4 16. Bc2 Bd7 17. b3 Rac8 18. Bd2 Kh8 19. Rf2 Rf7 20. Raf1 h5 21. gxf5
exf5 22. e6 Bxe6 23. Ne5 Qg7 24. Nxf7+ Qxf7 25. Bxf5 Bxf5 26. Rxf5 Qe6 27. Re5
Qd6 28. Qh3 h4 29. Re6 Qd7 30. Rf7 Re8 31. Qf5
1-0

[Event "NM for klubblag 2019"]
[Site "Scandic Ambassadeur, Drammen"]
[Date "2019.05.30"]
[Round "2"]
[White "Hole, Vegard"]
[Black "Johansen, Aleksander"]
[Result "1/2-1/2"]
[WhiteElo "1576"]
[BlackElo "1498"]
[PlyCount "59"]
[EventDate "2019.??.??"]

1. d4 d5 2. e3 Bf5 3. Bd3 Bg6 4. f4 Nh6 5. Nf3 Nd7 6. O-O e6 7. Ne5 Nf6 8. Bb5+
Ke7 9. Bd2 Ne4 10. Bb4+ Nd6 11. Nd2 f6 12. Nxg6+ hxg6 13. c4 c6 14. Bxd6+ Qxd6
15. c5 Qc7 16. Bd3 f5 17. h3 Re8 18. Nf3 Nf7 19. Qe1 Kd8 20. b4 Be7 21. b5 g5
22. Ne5 Nxe5 23. fxe5 g6 24. bxc6 bxc6 25. Rb1 Kd7 26. Qd2 Rb8 27. Rxb8 Rxb8
28. Ba6 Bd8 29. Bd3 Qa5 30. Qxa5 1/2-1/2

[Event "NM for klubblag 2019"]
[Site "Scandic Ambassadeur, Drammen"]
[Date "2019.05.30"]
[Round "2"]
[White "Bjørkly, Sara Marie Skaug"]
[Black "Aune, Arild Ingar"]
[Result "1/2-1/2"]
[WhiteElo "1356"]
[BlackElo "1332"]
[PlyCount "94"]
[EventDate "2019.??.??"]

1. d4 e6 2. Nf3 d5 3. c4 c5 4. e3 Nf6 5. Nc3 Nc6 6. cxd5 exd5 7. Bd3 c4 8. Bc2
Bg4 9. h3 Bxf3 10. Qxf3 Bb4 11. Bd2 O-O 12. O-O a6 13. a3 Bxc3 14. Bxc3 Re8 15.
Qd1 Ne4 16. Bxe4 Rxe4 17. Re1 Qe7 18. b3 b5 19. bxc4 bxc4 20. Qa4 Qe6 21. Rab1
Ne7 22. Rb7 Ng6 23. Qd7 Nf8 24. Qxe6 Rxe6 25. Reb1 Ree8 26. R1b6 Red8 27. Kf1
Nd7 28. Rd6 Nf6 29. Rxd8+ Rxd8 30. f3 h5 31. h4 Re8 32. Kf2 Kh7 33. Ke2 Kg6 34.
Kd2 Re6 35. a4 Ne8 36. a5 f5 37. Rb6 Rf6 38. Bb4 Kh7 39. Be7 Rg6 40. Bg5 Nc7
41. f4 Nb5 42. Kc2 Na3+ 43. Kb2 Nb5 44. Kc2 Na3+ 45. Kb2 Nb5 46. Kc2 Na3+ 47.
Kb2 Nb5
1/2-1/2

[Event "NM for klubblag 2019"]
[Site "Scandic Ambassadeur, Drammen"]
[Date "2019.05.30"]
[Round "2"]
[White "Elsness, Frode"]
[Black "Krohg, Georg A"]
[Result "1-0"]
[WhiteElo "2440"]
[BlackElo "1959"]
[PlyCount "77"]
[EventDate "2019.??.??"]

1. d4 d5 2. Nf3 Nf6 3. e3 Bg4 4. h3 Bxf3 5. Qxf3 e6 6. Bd3 c5 7. c3 Nc6 8. Nd2
cxd4 9. exd4 Bd6 10. Qe2 Qc7 11. O-O O-O 12. Nf3 h6 13. Re1 Nd7 14. Bc2 Rfc8
15. Be3 a6 16. a4 Na5 17. Qd3 Nf6 18. Ne5 Nc4 19. Nxc4 Qxc4 20. Qd1 b5 21. Bd3
Qc6 22. Qf3 bxa4 23. Rec1 Rab8 24. Qe2 Qb6 25. Bc2 Qb5 26. Qd1 a3 27. bxa3 Kf8
28. a4 Qd7 29. a5 Rb2 30. Bd3 Qa7 31. Qf1 Rb3 32. Bxa6 Rcxc3 33. Rxc3 Rxc3 34.
Bd3 Ne8 35. Qb1 Qb8 36. a6 Qxb1+ 37. Bxb1 Ra3 38. Rxa3 Bxa3 39. Bf4
1-0

[Event "NM for klubblag 2019"]
[Site "Scandic Ambassadeur, Drammen"]
[Date "2019.05.30"]
[Round "2"]
[White "Strand, Andreas"]
[Black "Mihajlov, Sebastian"]
[Result "0-1"]
[WhiteElo "1920"]
[BlackElo "2360"]
[PlyCount "68"]
[EventDate "2019.??.??"]

1. e4 c5 2. f4 d5 3. Nc3 d4 4. Nce2 Nf6 5. Ng3 h5 6. h4 e5 7. f5 Nc6 8. Be2 g6
9. d3 Be7 10. Nf3 Ng4 11. Ng5 Ne3 12. Bxe3 dxe3 13. Nxf7 Kxf7 14. fxg6+ Kxg6
15. Bxh5+ Kg7 16. Qf3 Qf8 17. Nf5+ Bxf5 18. exf5 Qf6 19. g4 Nd4 20. Qg2 Qc6 21.
Qxc6 bxc6 22. O-O-O Nxf5 23. Rdf1 Raf8 24. gxf5 Rxh5 25. Rhg1+ Kh7 26. Kd1
Rfxf5 27. Ke2 c4 28. dxc4 Bc5 29. a3 a5 30. c3 a4 31. Rd1 Rxh4 32. Rd7+ Kh6 33.
Ra7 Rf2+ 34. Kd3 Rd2# 0-1

[Event "NM for klubblag 2019"]
[Site "Scandic Ambassadeur, Drammen"]
[Date "2019.05.30"]
[Round "2"]
[White "Bjugn, Gisle"]
[Black "Tandberg, Gjermund"]
[Result "1/2-1/2"]
[WhiteElo "1869"]
[BlackElo "1598"]
[PlyCount "81"]
[EventDate "2019.??.??"]

1. d4 d5 2. Bf4 Bf5 3. e3 e6 4. Nf3 Bd6 5. Bg3 Nf6 6. Nbd2 c6 7. c3 Qc7 8. Qb3
Bxg3 9. hxg3 h6 10. Be2 Nbd7 11. O-O O-O 12. a4 a5 13. Rac1 Rac8 14. c4 Qb8 15.
Qa3 Ne4 16. Nxe4 Bxe4 17. Nd2 Nf6 18. Qc3 b6 19. Qb3 Rc7 20. c5 bxc5 21. Rxc5
Qa7 22. Qc3 Ra8 23. Rxc6 Rac8 24. Rxc7 Rxc7 25. Qb3 Bg6 26. Bb5 Qb6 27. Qa3 Rc2
28. Nf3 Qc7 29. Ne5 Bf5 30. Bd3 Bxd3 31. Nxd3 Ne4 32. Ne5 Rc1 33. b4 Rxf1+ 34.
Kxf1 axb4 35. Qxb4 Qc1+ 36. Qe1 Qa3 37. a5 f6 38. Nf3 Qd3+ 39. Kg1 Qa6 40. Kh1
Nd6 41. Kg1
1/2-1/2

[Event "NM for klubblag 2019"]
[Site "Scandic Ambassadeur, Drammen"]
[Date "2019.05.30"]
[Round "2"]
[White "Strand, Ingrid"]
[Black "Haveland, Bjørn"]
[Result "1-0"]
[WhiteElo "1526"]
[BlackElo "1851"]
[PlyCount "95"]
[EventDate "2019.??.??"]

1. d4 d5 2. c4 e6 3. Nc3 Nf6 4. Bg5 Be7 5. Nf3 h6 6. Bh4 O-O 7. e3 a6 8. Bd3
dxc4 9. Bxc4 b5 10. Bd3 Bb7 11. O-O Nbd7 12. Rc1 Rc8 13. Re1 c5 14. Bb1 cxd4
15. exd4 Re8 16. a3 Qa5 17. Qd3 Nf8 18. Ne5 b4 19. axb4 Qxb4 20. Qd2 Red8 21.
Bg3 Rxd4 22. Nd3 Rcd8 23. Qe3 Qb6 24. Ne2 Ng4 25. Bc7 Qb5 26. Nxd4 Qh5 27. Qh3
Qxh3 28. gxh3 Rxd4 29. hxg4 Rxg4+ 30. Bg3 Bf6 31. h3 Rg5 32. Rc7 Bd5 33. Ra7
Bc4 34. b4 Bd4 35. Rc7 Bxd3 36. Kh2 Bxb1 37. Rxb1 Rb5 38. Bd6 g5 39. Rc8 Bg7
40. Ra8 Rb6 41. Bc5 Rc6 42. Rb3 f5 43. Ra3 Kf7 44. R3xa6 Rc7 45. R6a7 Nd7 46.
Rxc7 Be5+ 47. Kg2 Bxc7 48. Ra7
1-0

[Event "NM for klubblag 2019"]
[Site "Scandic Ambassadeur, Drammen"]
[Date "2019.05.30"]
[Round "2"]
[White "Olsen, Geir"]
[Black "Aspeland, Andreas"]
[Result "0-1"]
[WhiteElo "1466"]
[BlackElo "1554"]
[PlyCount "80"]
[EventDate "2019.??.??"]

1. d4 Nf6 2. Nc3 e6 3. Bf4 c5 4. e3 Nc6 5. Nb5 d6 6. dxc5 e5 7. Bg5 Qa5+ 8. c3
dxc5 9. Bxf6 gxf6 10. Nd6+ Ke7 11. Bc4 Nd8 12. Nf3 Qb6 13. Nxc8+ Rxc8 14. Qd2
Ne6 15. O-O-O Qc6 16. Qe2 a6 17. Nh4 b5 18. Bd5 Qc7 19. Nf5+ Ke8 20. Kb1 c4 21.
e4 Nf4 22. Qf3 Qb6 23. Rd2 b4 24. Qe3 Bc5 25. Bxf7+ Kxf7 26. Nd6+ Ke6 27. Nxc8
Bxe3 28. Nxb6 Bxd2 29. Nxc4 bxc3 30. Nxd2 cxd2 31. Kc2 Rd8 32. Rd1 Nxg2 33. b4
Ne1+ 34. Kb3 Nf3 35. a4 Rc8 36. Kb2 Rc4 37. b5 axb5 38. a5 Ra4 39. Kc2 Rxa5 40.
Kd3 Ra3+
0-1

[Event "NM for klubblag 2019"]
[Site "Scandic Ambassadeur, Drammen"]
[Date "2019.05.30"]
[Round "2"]
[White "Johansen, Arnstein"]
[Black "Ludvigsen, Frode"]
[Result "0-1"]
[WhiteElo "1740"]
[BlackElo "2064"]
[PlyCount "66"]
[EventDate "2019.??.??"]

1. c4 e6 2. g3 c5 3. Bg2 Nc6 4. Nc3 g6 5. Nf3 Bg7 6. O-O Nge7 7. a3 d5 8. d3
O-O 9. Rb1 b6 10. Bd2 d4 11. Na2 Bb7 12. b4 cxb4 13. Nxb4 Rc8 14. Qc1 b5 15.
Nxc6 Bxc6 16. Bh6 Bxh6 17. Qxh6 Nf5 18. Qf4 bxc4 19. dxc4 f6 20. Rfd1 e5 21.
Qd2 Be4 22. Rbc1 Qb6 23. Qb4 Qa6 24. Nd2 Rb8 25. Bxe4 Rxb4 26. axb4 Ne7 27. Ra1
Qb6 28. c5 Qxb4 29. Rxa7 Qxc5 30. Rda1 f5 31. Bd3 Rc8 32. R7a5 Qc3 33. Rxe5
Qxa1+
0-1

[Event "NM for klubblag 2019"]
[Site "Scandic Ambassadeur, Drammen"]
[Date "2019.05.30"]
[Round "2"]
[White "Sneltvedt, Tommy"]
[Black "Marthinussen, Tias Lian"]
[Result "1-0"]
[WhiteElo "1573"]
[BlackElo "1162"]
[PlyCount "45"]
[EventDate "2019.??.??"]

1. d4 d5 2. c4 Nf6 3. cxd5 Nxd5 4. e4 Nb6 5. Nc3 e6 6. Nf3 Bb4 7. Be3 O-O 8.
Bd3 Na6 9. a3 Be7 10. b4 f6 11. O-O e5 12. dxe5 fxe5 13. Bxb6 axb6 14. Nxe5 Bf6
15. Bc4+ Kh8 16. Nf7+ Kg8 17. Nxd8+ Kh8 18. Nf7+ Kg8 19. Qd5 Be6 20. Qxe6 Rae8
21. Nh6+ Kh8 22. Qg8+ Rxg8 23. Nf7#
1-0

[Event "NM for klubblag 2019"]
[Site "Scandic Ambassadeur, Drammen"]
[Date "2019.05.30"]
[Round "2"]
[White "Eiding, Amanda Mai Irgens"]
[Black "Dyrnes, Jussi"]
[Result "0-1"]
[WhiteElo "1626"]
[BlackElo "1774"]
[PlyCount "84"]
[EventDate "2019.??.??"]

1. e4 Nf6 2. e5 Nd5 3. c4 Nb6 4. d4 d6 5. Bf4 dxe5 6. Bxe5 Nc6 7. Nf3 Bg4 8.
Be2 e6 9. Nc3 Rb8 10. h3 Bxf3 11. Bxf3 Nxe5 12. dxe5 Qxd1+ 13. Nxd1 Nxc4 14.
Rc1 Nxe5 15. Rxc7 Bd6 16. Rc2 Nxf3+ 17. gxf3 Ke7 18. Ke2 Rhc8 19. Ne3 Rxc2+ 20.
Nxc2 Rc8 21. Ne3 Bf4 22. Kd3 b5 23. Rg1 Be5 24. Rg5 Rd8+ 25. Kc2 Rc8+ 26. Kd3
Bxb2 27. Rxb5 Rd8+ 28. Kc2 Bd4 29. Rb7+ Rd7 30. Rxd7+ Kxd7 31. Kd3 Bxe3 32.
Kxe3 Kd6 33. Kd4 g5 34. Kc4 a6 35. Kb4 Kc6 36. Kc4 f5 37. Kd4 Kd6 38. Kc4 Ke5
39. Kc5 Kf4 40. Kd6 e5 41. Kd5 Kxf3 42. Kxe5 f4 0-1

[Event "NM for klubblag 2019"]
[Site "Scandic Ambassadeur, Drammen"]
[Date "2019.05.30"]
[Round "2"]
[White "Blauhut, Anna"]
[Black "Marosevic, Tomislav"]
[Result "0-1"]
[WhiteElo "1156"]
[BlackElo "1613"]
[PlyCount "76"]
[EventDate "2019.??.??"]

1. e4 Nf6 2. Nc3 d5 3. d3 dxe4 4. dxe4 Qxd1+ 5. Kxd1 Nc6 6. Bd3 e5 7. Nf3 Bg4
8. h3 Bxf3+ 9. gxf3 O-O-O 10. Be3 Bb4 11. Nb5 a6 12. a3 Ba5 13. Nc3 Nd4 14.
Bxd4 Rxd4 15. Ne2 Rd6 16. c3 Rxd3+ 17. Kc2 Rxf3 18. Rh2 Bb6 19. Rg1 g6 20. Rgg2
Nxe4 21. Ng3 Nxg3 22. fxg3 Rd8 23. g4 e4 24. Re2 e3 25. Rh1 Rf2 26. Rxf2 exf2
27. Rf1 Re8 28. Kd2 Re1 29. Rxe1 fxe1=Q+ 30. Kxe1 h5 31. g5 Kd7 32. Ke2 Ke6 33.
Kd3 Kf5 34. h4 Bc5 35. b4 Bd6 36. c4 b5 37. cxb5 axb5 38. Ke3 c5 0-1

[Event "NM for klubblag 2019"]
[Site "Scandic Ambassadeur, Drammen"]
[Date "2019.05.30"]
[Round "2"]
[White "Olsen, Rudi B."]
[Black "Bjornes, Leif"]
[Result "0-1"]
[WhiteElo "1345"]
[BlackElo "1899"]
[PlyCount "78"]
[EventDate "2019.??.??"]

1. c4 c6 2. g3 d5 3. cxd5 cxd5 4. Bg2 Nf6 5. d4 Nc6 6. e3 e6 7. Ne2 Bd6 8. Nbc3
O-O 9. O-O Bd7 10. Qc2 Rc8 11. a3 a6 12. b4 Na7 13. Qb2 Nb5 14. Qb3 Bc6 15. a4
Nxc3 16. Nxc3 b5 17. axb5 axb5 18. Bd2 Qe7 19. Ne2 Ne4 20. Bxe4 dxe4 21. Rfc1
Bd5 22. Qb2 Bc4 23. Nf4 g5 24. Ng2 Ra8 25. Ne1 h5 26. Ra5 Rxa5 27. bxa5 Ba3 28.
Qb1 Bxc1 29. Qxc1 Rc8 30. Qb1 f5 31. f3 Qb7 32. Kf2 Qd5 33. Qb4 Qd7 34. Ng2
exf3 35. Kxf3 Kg7 36. h4 Qd5+ 37. Kf2 g4 38. Ne1 Qh1 39. Qd6 Qf1#
0-1

[Event "NM for klubblag 2019"]
[Site "Scandic Ambassadeur, Drammen"]
[Date "2019.05.30"]
[Round "2"]
[White "Syrrist, Guttorm Strande"]
[Black "Padigalingam, Sivakumar"]
[Result "1-0"]
[WhiteElo "1535"]
[BlackElo "1222"]
[PlyCount "69"]
[EventDate "2019.??.??"]

1. e4 e5 2. Nf3 d6 3. Bc4 h6 4. Nc3 c6 5. a4 Nf6 6. O-O Be7 7. d4 Bg4 8. dxe5
Bxf3 9. Qxf3 dxe5 10. Be3 O-O 11. Ne2 Nh7 12. Ng3 Bg5 13. Bc5 Be7 14. Rad1 Qc7
15. Bxe7 Qxe7 16. Nf5 Qf6 17. Rd6 Qg5 18. g3 Nf6 19. h4 Qg4 20. Ne7+ Kh8 21.
Rxf6 Qxf3 22. Rxf3 Nd7 23. Rxf7 Kh7 24. Rxf8 Rxf8 25. Be6 Nc5 26. Bf5+ g6 27.
Nxg6 Re8 28. Nxe5+ Kg7 29. f4 Re7 30. b3 Ne6 31. Bxe6 Rxe6 32. Rd1 Kf6 33. Rd7
Re7 34. Rxe7 Kxe7 35. Kf2 1-0

[Event "NM for klubblag 2019"]
[Site "Scandic Ambassadeur, Drammen"]
[Date "2019.05.30"]
[Round "2"]
[White "Lien, Kjell HÃ¥kon"]
[Black "Gamback, Bjorn"]
[Result "1/2-1/2"]
[WhiteElo "2214"]
[BlackElo "2157"]
[PlyCount "54"]
[EventDate "2019.??.??"]

1. d4 Nf6 2. c4 e6 3. Nf3 d5 4. Nc3 Be7 5. Bf4 O-O 6. e3 a6 7. cxd5 Nxd5 8. Bg3
c5 9. Bd3 Nc6 10. O-O cxd4 11. exd4 Nxc3 12. bxc3 Bf6 13. Qe2 g6 14. Rab1 b5
15. Be4 Bb7 16. a4 b4 17. Ne5 Rc8 18. Rfd1 Qe7 19. cxb4 Rfd8 20. Nxc6 Bxc6 21.
Bxc6 Rxc6 22. b5 axb5 23. axb5 Rb6 24. Be5 Rd5 25. g3 Qd8 26. Rdc1 Bxe5 27.
dxe5 Qb8 1/2-1/2

[Event "NM for klubblag 2019"]
[Site "Scandic Ambassadeur, Drammen"]
[Date "2019.05.30"]
[Round "2"]
[White "Sandum, Håvard"]
[Black "Laverton, Christian"]
[Result "0-1"]
[WhiteElo "1542"]
[BlackElo "2115"]
[PlyCount "52"]
[EventDate "2019.??.??"]

1. d4 d5 2. Nc3 Bf5 3. Bf4 e6 4. e3 a6 5. Be2 c5 6. dxc5 Bxc5 7. Nf3 Nc6 8. Ne5
Nxe5 9. Bxe5 f6 10. Bg3 Ne7 11. a3 O-O 12. Qd2 b5 13. b4 Ba7 14. Bd3 d4 15. Nd1
dxe3 16. Nxe3 Bxd3 17. cxd3 Nc6 18. O-O Nd4 19. Qa2 Qd7 20. Rfe1 Rfc8 21. Rac1
Rxc1 22. Rxc1 Rc8 23. Rxc8+ Qxc8 24. h3 Qc3 25. Qb1 Qxa3 26. Nc2 Qxd3
0-1

[Event "NM for klubblag 2019"]
[Site "Scandic Ambassadeur, Drammen"]
[Date "2019.05.30"]
[Round "2"]
[White "Oommen, John Samuel"]
[Black "Wister, Tom R"]
[Result "1/2-1/2"]
[WhiteElo "1392"]
[BlackElo "1837"]
[PlyCount "109"]
[EventDate "2019.??.??"]

1. e4 e6 2. d4 d5 3. Nc3 Bb4 4. Bd3 c5 5. Be3 dxe4 6. Bxe4 Nf6 7. Bf3 cxd4 8.
Qxd4 Qxd4 9. Bxd4 Nbd7 10. a3 Bc5 11. Nge2 O-O 12. O-O-O Bxd4 13. Nxd4 Ne5 14.
Ne4 Nd5 15. Be2 Bd7 16. g3 Rac8 17. Nd6 Rc7 18. f4 Ng6 19. h4 Nge7 20. Bd3 a6
21. h5 h6 22. Rde1 Nc6 23. Nf3 b5 24. Ne5 Nxe5 25. fxe5 b4 26. axb4 Nxb4 27.
Re3 Ba4 28. Rh2 Rc5 29. Kb1 Nxd3 30. cxd3 Rb8 31. Rf2 Rc7 32. Ref3 Be8 33. g4
Kf8 34. Rg3 Rb4 35. Rc2 Rxc2 36. Kxc2 Rf4 37. Kc3 f6 38. d4 Bc6 39. Nc4 Rf3+
40. Rxf3 Bxf3 41. Ne3 Kf7 42. Kb4 fxe5 43. dxe5 g6 44. hxg6+ Kxg6 45. Kc5 Kg5
46. Kd6 Kf4 47. Nc2 Bxg4 48. Nd4 h5 49. Nxe6+ Bxe6 50. Kxe6 h4 51. Kd6 h3 52.
e6 h2 53. e7 h1=Q 54. e8=Q Qd1+ 55. Kc5
1/2-1/2

[Event "NM for klubblag 2019"]
[Site "Scandic Ambassadeur, Drammen"]
[Date "2019.05.30"]
[Round "2"]
[White "Hovden, Hans"]
[Black "Hansen, Tor Magnus"]
[Result "1/2-1/2"]
[WhiteElo "1817"]
[BlackElo "1535"]
[PlyCount "66"]
[EventDate "2019.??.??"]

1. c4 c6 2. Nc3 d5 3. cxd5 cxd5 4. d4 Nf6 5. Nf3 Bf5 6. e3 a6 7. Bd3 Bxd3 8.
Qxd3 Nc6 9. O-O e5 10. Bd2 Bd6 11. Na4 Ne4 12. Rfc1 O-O 13. Be1 Qc7 14. b4 Bxb4
15. Rxc6 Qxc6 16. Bxb4 Qxa4 17. Bxf8 Rxf8 18. h4 Rc8 19. Ng5 Nxg5 20. hxg5 Qc2
21. Qa3 Qc3 22. Qxc3 Rxc3 23. a4 Kf8 24. Rb1 Rc7 25. a5 Ke8 26. g4 Kd8 27. Kg2
f6 28. gxf6 gxf6 29. Rh1 Rf7 30. Rb1 Rg7 31. Kf3 Kc7 32. Rc1+ Kd8 33. Rb1 Kc7
1/2-1/2

[Event "NM for klubblag 2019"]
[Site "Scandic Ambassadeur, Drammen"]
[Date "2019.05.30"]
[Round "2"]
[White "Nordquelle, PÃ¥l"]
[Black "Hellenes, AndrÃ¨ Tsolis"]
[Result "1-0"]
[WhiteElo "1630"]
[BlackElo "1693"]
[PlyCount "69"]
[EventDate "2019.??.??"]

1. c4 Nf6 2. d4 c6 3. Nc3 d5 4. cxd5 cxd5 5. g3 Nc6 6. Bg2 e6 7. a3 Be7 8. e3
O-O 9. Nge2 a6 10. O-O Qc7 11. e4 dxe4 12. Nxe4 Rd8 13. Qc2 Nd5 14. Rd1 Bd7 15.
Ng5 g6 16. Ne4 Rac8 17. Qd2 Na5 18. Qh6 Bf8 19. Qh4 Nb3 20. N2c3 Be7 21. Bg5
Bxg5 22. Nxg5 h5 23. Nxd5 exd5 24. Bxd5 Nxa1 25. Nxf7 Kg7 26. Qg5 Rh8 27. Nxh8
Rxh8 28. Qe7+ Kh6 29. Rxa1 Re8 30. Qb4 Qc2 31. Re1 Rxe1+ 32. Qxe1 Qxb2 33. Qe3+
g5 34. Kg2 h4 35. gxh4 1-0

[Event "NM for klubblag 2019"]
[Site "Scandic Ambassadeur, Drammen"]
[Date "2019.05.30"]
[Round "2"]
[White "Marthinussen, Emma Viktoria L"]
[Black "Sæteren, Erlend"]
[Result "1-0"]
[WhiteElo "1469"]
[BlackElo "1510"]
[PlyCount "83"]
[EventDate "2019.??.??"]

1. e4 e6 2. d4 d5 3. exd5 exd5 4. Nf3 Nf6 5. g3 Be7 6. Bg2 Bf5 7. O-O O-O 8.
Nc3 c6 9. Bf4 Nh5 10. Bxb8 Rxb8 11. Ne5 Nf6 12. Re1 Qc7 13. Ne2 Bd6 14. Nf4
Rfe8 15. Nfd3 Re7 16. f4 Rbe8 17. Nf2 c5 18. c3 b5 19. Qd2 Qb7 20. Re2 Ne4 21.
Nxe4 Bxe4 22. Rae1 Bxg2 23. Kxg2 a5 24. a3 b4 25. axb4 cxb4 26. Qd3 a4 27. Qc2
a3 28. bxa3 b3 29. Qb2 f6 30. Nd3 Kf7 31. Rxe7+ Bxe7 32. Nb4 Qb5 33. Qxb3 Rd8
34. Qc2 Rc8 35. Rc1 Qc4 36. Re1 Ra8 37. Qb2 Bxb4 38. cxb4 Qa6 39. Re3 Rc8 40.
Qb3 Rc7 41. Qxd5+ Kf8 42. Qd8+
1-0

[Event "NM for klubblag 2019"]
[Site "Scandic Ambassadeur, Drammen"]
[Date "2019.05.30"]
[Round "2"]
[White "Lund, Terje"]
[Black "Mrachek, Svetlana"]
[Result "1-0"]
[WhiteElo "2055"]
[BlackElo "1586"]
[PlyCount "61"]
[EventDate "2019.??.??"]

1. d4 d5 2. c4 c6 3. Nc3 Nf6 4. Nf3 e6 5. e3 Bd6 6. Bd3 O-O 7. O-O Nbd7 8. e4
dxe4 9. Nxe4 Nxe4 10. Bxe4 f5 11. Bc2 c5 12. Re1 cxd4 13. Nxd4 Nc5 14. Nb5 Bc7
15. Qxd8 Bxd8 16. Bf4 Bd7 17. Bd6 Bg5 18. Bxc5 Rfc8 19. b4 Bd8 20. Bb3 b6 21.
Bd6 a6 22. Nd4 Bf6 23. Rad1 Re8 24. c5 bxc5 25. Nxe6 Bxe6 26. Bxe6+ Kh8 27.
bxc5 Rad8 28. Bxf5 g6 29. Rxe8+ Rxe8 30. Bd7 Re2 31. c6 1-0

[Event "NM for klubblag 2019"]
[Site "Scandic Ambassadeur, Drammen"]
[Date "2019.05.30"]
[Round "2"]
[White "Brattgjerd, Isak Vinh"]
[Black "Stokhaug, Jon Arne"]
[Result "1/2-1/2"]
[WhiteElo "1566"]
[BlackElo "1833"]
[PlyCount "63"]
[EventDate "2019.??.??"]

1. d4 d5 2. Bf4 Nf6 3. e3 e6 4. Bd3 Bd6 5. Bg3 c5 6. Nf3 Nc6 7. c3 a6 8. a4 O-O
9. Nbd2 Qc7 10. O-O Bxg3 11. hxg3 e5 12. dxe5 Nxe5 13. Be2 Be6 14. Rc1 Nxf3+
15. Bxf3 Qb6 16. Qc2 Rac8 17. Rb1 Rfd8 18. Rfc1 Qc7 19. Be2 Qd7 20. Qd1 Bf5 21.
Ra1 Qe7 22. Nf3 Bg4 23. Qb3 Ne4 24. Rd1 Be6 25. Qc2 Bf5 26. Qb3 Be6 27. Qc2 Bf5
28. Qb3 Nf6 29. Rd2 Be6 30. Qc2 Ne4 31. Rdd1 Bf5 32. Qb3 1/2-1/2

[Event "NM for klubblag 2019"]
[Site "Scandic Ambassadeur, Drammen"]
[Date "2019.05.30"]
[Round "2"]
[White "Frimanslund, Berge"]
[Black "Evensen, Per-Erik"]
[Result "0-1"]
[WhiteElo "1510"]
[BlackElo "1383"]
[PlyCount "64"]
[EventDate "2019.??.??"]

1. d4 Nf6 2. e3 d5 3. Nf3 Bg4 4. c4 e6 5. Nc3 Nbd7 6. cxd5 exd5 7. Be2 Be7 8.
Qb3 Nb6 9. Ne5 Bxe2 10. Nxe2 O-O 11. O-O c6 12. a4 Qc7 13. Bd2 Nbd7 14. f4 Ne4
15. Be1 Ndf6 16. Rc1 Rab8 17. Rc2 c5 18. dxc5 Bxc5 19. Nd4 Qb6 20. Qd3 Rbc8 21.
Bh4 Bxd4 22. exd4 Rxc2 23. Qxc2 Qxd4+ 24. Kh1 Qb4 25. Nd3 Qd6 26. Be1 Qe6 27.
Qc7 Qc6 28. Qe5 Re8 29. Qf5 Qc4 30. Qh3 Nc5 31. Rf3 Qxd3 32. Bc3 Qd1+
0-1